000
00306nam a22001337a 4500
008
171009b xxu||||| |||| 00| 0 eng d
020
_a
9780763760564
041
_a
eng
080
_a
159.9
100
_a
49
101
_a
PSI
245
_a
JUVENILE JUSTICE AND DELINQUENCY
_c
SPRINGER,D.W
942
_2
udc
_c
BK
999
_c
32663
_d
32663